Research methodology in economics (Record no. 395928)

MARC details
000 -LEADER
fixed length control field 00561 a2200205 4500
005 - DATE & TIME
control field 20260217104430.0
008 - FIXED-LENGTH DATA ELEMENTS--GENERAL INFORMATION
fixed length control field 260217b |||||||| |||| 00| 0 eng d
020 ## - ISBN
International Standard Book Number 9788119925681
Price Rs. 1895.00
040 ## - CATALOGING SOURCE
Original cataloging agency VIVEKANANDA LIBRARY
082 ## - DDC NUMBER
Classification number 330.072
Book Number B469R
100 ## - MAIN ENTRY--PERSONAL NAME
Personal name Bhinchar, Randheer Singh
245 ## - TITLE STATEMENT
Title Research methodology in economics
260 ## - PUBLICATION, DISTRIBUTION, ETC. (IMPRINT)
Name of publisher, distributor, etc Wisdom Press
Date of publication, distribution, etc 2026
Place of publication, distribution, etc New Delhi
300 ## - PHYSICAL DESCRIPTION
Pages x, 260
650 ## - Subject
Subject Economics-Research
650 ## - Subject
Subject Econometrics
650 ## - Subject
Subject Social Science-Reserarch-Methodology
700 ## - Added Entry Personal Name
Added Entry Personal Name Girdhar, Neha
942 ## - ADDED ENTRY ELEMENTS (KOHA)
Koha item type Books
Holdings
Withdrawn status Lost status Source of classification or shelving scheme Damaged status Not for loan Location (home branch) Sublocation or collection (holding branch) Shelving location Date acquired Koha issues (times borrowed) Koha full call number Accession No. Koha date last seen Koha item type
    Dewey Decimal Classification     VIVEKANANDA LIBRARY VIVEKANANDA LIBRARY Vivekananda Library 22/01/2026   330.072 B469R 444548 22/01/2026 Books
    Dewey Decimal Classification     VIVEKANANDA LIBRARY VIVEKANANDA LIBRARY Vivekananda Library 22/01/2026   330.072 B469R 444549 22/01/2026 Books
    Dewey Decimal Classification     VIVEKANANDA LIBRARY VIVEKANANDA LIBRARY Vivekananda Library 22/01/2026   330.072 B469R 444547 22/01/2026 Books
© Designed and Maintained by Vivekananda Library, MDU Rohtak